000 00510nam a2200193Ia 4500
005 20240823020255.0
008 240823s9999||||xx |||||||||||||| ||und||
020 _a81-8147-200-4
041 _aENGLISH
082 _A338.63 P4
100 _aUPTEC Computer Consultancy Limited
245 0 _aBusiness Systems with Visual Foxpro
250 _a1st
260 _c2004
_b"Elsevier India (P) Limited,New "
500 _aYES
650 _aBusiness Systems
_bManagement Studies
942 _cBK
999 _c174374
_d174374